Представление документа в формате RUSMARC

ПолеНазваниеЗначение
  Тип записи a
  Библиографический уровень m
001 Контрольный номер RU/IS/BASE/321623702
005 Дата корректировки 20201206204535.8
010 Индекс ISBN __
a ISBN 978-5-8183-1305-4
d Цена 150-45
100 Данные общей обработки __
a Данные общей обработки 19070718d2007 |||y0rusy0189 ca
101 Язык документа __
a Язык текста rus
c Язык оригинала rus
102 Страна публикации __
a Страна публикации RU
105 Кодированные данные (монография) __
a Кодированные данные (монография) a |||||||zy
200 Заглавие и сведения об ответственности 1_
a Заглавие Руководство по эротическому массажу
e Сведения, относящиеся к заглавию классический европейский массаж, шиацу, тантра-йога, сэпун и сексуальная магия
f Первые сведения об ответственности А. С. Конькова
b Общее обозначение материала Текст
210 Выходные данные __
a Место издания М.
c Издательство ФАИР
d Дата издания 2007
215 Физическое описание __
a Объем 237, [3] с.
c Иллюстрации/тип воспроизводства ил.
320 Библиография __
a Библиография Лит. в конце кн.
330 Аннотация __
a Аннотация Освоив технику эротического массажа, вы лучше узнаете своего партнера, наполните ваши отношения любовью и страстью, внесете в повседневную жизнь романтику и разнообразие, научитесь снимать стресс и усталость, разовьете экстрасенсорные способности, познаете язык прикосновений и любовных объятий.
606 Тематические рубрики __
a Основная рубрика Здравоохранение. Медицинские науки
a Основная рубрика Медицинская сексология
610 Ключевые слова __
a Ключевые слова сексуальность; сексуальные взаимоотношения; эротический массаж; массаж; анатомия человека; техника массажа; приемы массажа; европейский массаж; шиацу; сэпун; поцелуи; секс; тантра-йога; тантрический секс; мужские половые органы; женские половые органы; женская анатомия; мужская анатомия; анатомия мужчины; анатомия женщины; массаж тела; массаж спины; массаж головы; массаж груди; массаж живота; сексуальные игры; любовная магия; любовные игры; сексуальная магия; оральный секс; орогенитальный секс
686 Индексы других классификаций __
a Классификационный индекс 57.01
700 Автор _1
a Фамилия Конькова
b Имя А. С.
g Полное личное имя Алла Сергеевна
4 Код отношения 070
801 Источник записи _0
a Страна RU
b Организация Муниципальное бюджетное учреждение культуры "Централизованная библиотечная система" г. Сургут (Центральная городская библиотека им. А. С. Пушкина)
c Дата составления 20070718
g Правила каталогизации КиК/Поспелова
801 Источник записи _1
a Страна RU
b Организация Муниципальное бюджетное учреждение культуры "Централизованная библиотечная система" г. Сургут (Центральная городская библиотека им. А. С. Пушкина)
c Дата составления 20070718
g Правила каталогизации КиК/Поспелова
852 Данные о местонахождении __
j Шифр хранения 57.01
c Каталожный индекс 57.0
i Авторский знак К 65
901 Тип документа __
t Тип документа m
903 Характеристики (МАРС) __
a Дата передачи 20071112
969 Тип издания __
a Тип издания руководство
990 Данные о заказе (DOS) __
j Количество экземпляров (DOS) 3
t N записи в КСУ для И/У (DOS) 200711